000 00422nam a2200169Ia 4500
001 23255
005 20260414150925.0
008 260414t2004||||xx |||||||||||||| ||spa||
041 _aESP
082 _a627.8
_bC78
100 _aCoronado del Aguila, Francisco
_eAUT
245 0 _aEl desarenador :
_buna guía para su diseño hidráulico
260 _c2004
650 _a0
654 _aCIC
942 _cLIB
_dJUS
_fJUS
_2ddc
_n
999 _c23255
_d23255